| 000 | 01021nab a2200205 i 4500 | ||
|---|---|---|---|
| 001 | 768714001 | ||
| 003 | CO-MdFUSB | ||
| 005 | 20240426092038.0 | ||
| 008 | 240425t1981 us ||||| |||| 00| 0 eng d | ||
| 040 |
_bspa _cCO-MdFUSB _dCO-MdFUSB |
||
| 041 | _aeng | ||
| 100 |
_aPawley, Daniel W., _eautor |
||
| 245 |
_aTo build or not to build _c/ Daniel W. Pawley |
||
| 300 |
_aVolumen 2, número 1 (winter, 1981), páginas: 79 - 85 _c; 27 cm |
||
| 520 | _aCuando los miembros de la iglesia supera las instalaciones de la iglesia, lo lógico es conseguir un edificio más grande. ¿O es eso? En medio de la crisis de los costos astronómicos de construcción y la inflación galopante, muchas iglesias están buscando y encontrando formas alternativas de satisfacer las necesidades de espacio. | ||
| 546 | _aTexto en inglés. | ||
| 650 | 0 |
_aFinanzas de la Iglesia _91119 |
|
| 773 | 0 |
_068780 _982547 _oR2481 _tLeadership : _w(CO-MdFUSB)768714001 _gVolumen 2, número 1 (winter, 1981), páginas: 79 -85 _qpágina: 79 |
|
| 942 | _cANA | ||
| 999 |
_c69379 _d69379 |
||